Những chiến hữu của Jéhu Tiểu thuyết

Guardat en:
Dades bibliogràfiques
Autor principal: Dumas, Alexandre
Altres autors: Phan Bảo Lư (Dịch)
Format: Llibre
Publicat: H. Hội Nhà văn 1990
Matèries:
Etiquetes: Afegir etiqueta
Sense etiquetes, Sigues el primer a etiquetar aquest registre!
Thư viện lưu trữ: Trung tâm Học liệu Lê Vũ Hùng, Trường Đại học Đồng Tháp
LEADER 00803pam a22002418a 4500
001 00021036
005 20171026081022.0
008 110521s1990 ||||||Viesd
041 0 # |a Vie 
082 1 4 |a 843  |b NH556CH 
100 0 # |a Dumas, Alexandre 
245 0 0 |a Những chiến hữu của Jéhu  |b Tiểu thuyết  |c Alexandre Dumas; Phan Bảo Lư 
260 # # |a H.  |b Hội Nhà văn  |c 1990 
300 # # |a 297 tr.  |c 19 cm. 
650 # 4 |a Pháp 
650 # 4 |a Tiểu thuyết 
653 # # |a Văn học hiện đại 
700 0 # |a Phan Bảo Lư  |e Dịch 
852 # # |b Kho mượn  |j KM.0011281 
852 # # |b Kho đọc  |j KD.0006967 
852 # # |j KD.0006967  |j KM.0011281 
910 0 # |a Thư  |d 21/05/2011 
980 # # |a Trung tâm Học liệu Lê Vũ Hùng, Trường Đại học Đồng Tháp